Solid waste lanfills in Middle- and Lower- income countries : A technical guide to planning design and operation
This books consists of the following many parts such as wate characteristics, landfill site identification, site design and preparation, landfill site operation, additional provision for difficult wastes.
Αποθηκεύτηκε σε:
| Κύριος συγγραφέας: | |
|---|---|
| Μορφή: | Βιβλίο |
| Γλώσσα: | Undetermined |
| Έκδοση: |
Washington, D.C
The World Bank
1999
|
| Θέματα: | |
| Ετικέτες: |
Προσθήκη ετικέτας
Δεν υπάρχουν, Καταχωρήστε ετικέτα πρώτοι!
|
| Thư viện lưu trữ: | Trung tâm Học liệu Trường Đại học Cần Thơ |
|---|
| LEADER | 00962nam a2200241Ia 4500 | ||
|---|---|---|---|
| 001 | CTU_40034 | ||
| 008 | 210402s9999 xx 000 0 und d | ||
| 020 | |b 225.000đ | ||
| 020 | |c 225000 | ||
| 082 | |a 363.7285 | ||
| 082 | |b R952 | ||
| 100 | |a Rushbrook, Philip | ||
| 245 | 0 | |a Solid waste lanfills in Middle- and Lower- income countries : | |
| 245 | 2 | |b A technical guide to planning design and operation | |
| 245 | 0 | |c Philip Rushbrook, Michael Pugh | |
| 260 | |a Washington, D.C | ||
| 260 | |b The World Bank | ||
| 260 | |c 1999 | ||
| 520 | |a This books consists of the following many parts such as wate characteristics, landfill site identification, site design and preparation, landfill site operation, additional provision for difficult wastes. | ||
| 650 | |a Refuse and refuse disposal,Sanitary landfills | ||
| 650 | |x Developing countries,Design and construction | ||
| 904 | |i Minh, 001221 | ||
| 980 | |a Trung tâm Học liệu Trường Đại học Cần Thơ | ||